Statistiques concernant Univers Lego Ninjago: Karlof

Cliquez ici pour prendre le quiz!

Statistiques générales

  • Ce quiz a été pris 121 fois
  • Le résultat moyen est 6 sur 8

Statistiques - réponses

QuestionsRéponses% Correct
Couleur des poingsArgent
97%
Capturé parChen / Nadakan / Les mains du temps
91%
Couleur des habitsNoir
90%
Pouvoir de ninjaMétal
86%
ArmePoings
78%
Saison d'arrivéeLe tournoi des éléments
63%
Participant de ce tournoiTournoi des éléments de Chen
34%
Lieu d'arrivéeBateau de Chen
24%

Distribution des résultats

Percentile par nombre de réponses

% des personnes avec chaque résultat

Votre développement - résultats

Vous n’avez pas pris ce quiz